000 01164nam a2200277 a 4500
001 40457
003 BD-RjUL
005 20211209053222.0
008 160502s2007 bg ||||e b||| 00| 0 ben d
020 _a9840746006
_c: TK. 80.00
035 _a(BD-RjUL)40572
040 _aBD-RjUL
_bben
_cBD-RjUL
041 _aben
082 _223
_bBUC 2007
_a211.4
100 _aবিউরি, জে. বি.
_9124614
245 1 0 _aচিন্তার স্বাধীনতার ইতিহাস = A History of Freedom of Thought /
_cজ়ে. বি. বিউরি ; অনুবাদ প্রীতি কুমার মিত্র
260 _aঢাকা :
_bবাংলা একাডেমী,
_c২০০৭
300 _a[১২], ১২৮ পৃ. ;
_c২২ সেমি.
490 _aবাএ :
_v৪৫৯১
504 _aগ্রন্থপঞ্জি সংযুক্ত
650 _aমুক্তচিন্তা
_9124617
650 _aFree thought
_9124618
700 _aমিত্র, প্রীতি কুমার, অনুবাদক
_9124615
830 _aবাএ :
_v৪৫৯১
_9124822
942 _2ddc
_cBK
999 _c40457
_d40457